000 00441nam a2200181Ia 4500
001 18125
005 20260306171607.0
008 260306s9999||||xx |||||||||||||| ||und||
041 _aESP
082 _a658.4012
_bD61
100 _aDess, Gregory G.
_eAUT
245 0 _aAdministración estratégica. Textos y casos
260 _c2011
300 _a489 páginas :
_c27 cm.
650 _aGEN
654 _aCAN
942 _cLIB
_dJUS
_fJUS
_2ddc
_n
999 _c18125
_d18125